[Event "Commonwealth-ch"]
[Site "Nagpur"]
[Date "2008.09.30"]
[Round "3"]
[White "Preethi, Rajkumar"]
[Black "Shubham, Lakudkar"]
[Result "0-1"]
[WhiteElo "2183"]
[BlackElo "1885"]
[PlyCount "124"]
[EventDate "2008.09.28"]
[EventType "swiss"]
[EventRounds "11"]
[EventCountry "IND"]
[SourceTitle "CBM 126 Extra"]
[Source "ChessBase"]
[SourceDate "2008.11.05"]
[SourceVersion "1"]
[SourceVersionDate "2008.11.05"]
[SourceQuality "1"]

1. e4 d5 2. exd5 Qxd5 3. Nc3 Qa5 4. d4 Nf6 5. Bc4 Nc6 6. Nge2 Bg4 7. f3 Bf5 8. Bd2 Qb4 9. Bb5 a6 10. Ba4 Rc8 11. b3 e6 12. Nb5 Qe7 13. Na7 b5 14. Nxc6 Qd6 15. Bxb5 axb5 16. Ne5 c5 17. Bf4 Qb6 18. g4 Bg6 19. Nxg6 hxg6 20. c3 cxd4 21. Qxd4 Qc6 22. Qd3 b4 23. c4 Rd8 24. Nd4 Qd7 25. 0-0-0 Bc5 26. Be5 Qa7 27. Kb1 0-0 28. Qd2 Rd7 29. Nb5 Rxd2 30. Nxa7 Rxd1+ 31. Rxd1 Bxa7 32. Bd6 Rd8 33. Kc2 Nd5 34. Bf4 Rc8 35. Bd2 Ne3+ 36. Bxe3 Bxe3 37. Rd7 Kf8 38. Rb7 Bc5 39. Kb2 f5 40. h3 Ke8 41. Kc2 Be7 42. Kd3 Rd8+ 43. Ke3 Rd7 44. Rb8+ Kf7 45. Rc8 e5 46. c5 f4+ 47. Ke2 Ke6 48. Rc6+ Kd5 49. Rxg6 Bxc5 50. Kd3 Bd6 51. h4 Rc7 52. Kd2 Ra7 53. Kd3 Rxa2 54. Rxg7 Rf2 55. h5 Rxf3+ 56. Kc2 Rh3 57. Rh7 f3 58. Kd2 e4 59. Rf7 Kd4 60. Rd7 e3+ 61. Kc2 Rh2+ 62. Kc1 Kc3 0-1